[Event "WY Boys-U16"]
[Site "Porto Carras GRE"]
[Date "2010.10.24"]
[Round "5.1"]
[White "Dragun, Kamil"]
[Black "Lagarde, Maxime"]
[Result "1-0"]
[WhiteTitle "FM"]
[BlackTitle "FM"]
[WhiteElo "2392"]
[BlackElo "2433"]
[WhiteFideId "1134167"]
[BlackFideId "662399"]
[EventDate "2010.10.20"]

1. e4 c5 2. Nf3 d6 3. d4 cxd4 4. Nxd4 Nf6 5. Nc3 a6 6. Bg5 Nbd7 7. f4 Qc7 8. Qf3
h6 9. Bxf6 Nxf6 10. f5 Qc5 11. O-O-O g5 12. g4 Bg7 13. h4 Bd7 14. Bg2 Qe5 15.
Kb1 O-O-O 16. Nd5 Nxd5 17. exd5 Qf4 18. Qc3+ Kb8 19. Nc6+ Bxc6 20. Qxg7 Bb5 21.
Bf1 Bd7 22. Qxf7 Qxg4 23. Bd3 gxh4 24. Rdg1 Qf4 25. Qxe7 Rhf8 26. Rf1 Qg5 27.
Qxd6+ Ka8 28. Qf4 Rf6 29. Qxh4 Rdf8 30. Qxg5 hxg5 31. Rh2 g4 32. Rh5 Rg8 33. c4
Kb8 34. Kc2 g3 35. Rg1 Rg4 36. b3 Kc7 37. Rg2 b5 38. c5 Rd4 39. c6 Bc8 40. Rxg3
Rxd5 41. Rf3 Rxc6+ 42. Kd2 Rcd6 43. Ke2 b4 44. Rh7+ Kb6 45. Rg7 Re5+ 46. Re3
Bxf5 47. Rxe5 Bxd3+ 48. Ke3 Bb5 49. Rg2 Rd3+ 50. Kf4 Rd4+ 51. Kg5 Rd1 52. Rf2
Rg1+ 53. Kf4 Rd1 54. Re4 Ka5 55. Ke5 Rh1 56. Rd2 Rc1 57. Rf4 Rc5+ 58. Kd6 Rc6+
59. Kd5 Rc8 60. Rdd4 Rc2 61. Rxb4 Rxa2 62. Kc5 Rc2+ 63. Rfc4 Ra2 64. Ra4+ Rxa4
65. Rxa4+ 1-0

[Event "WY Boys-U16"]
[Site "Porto Carras GRE"]
[Date "2010.10.24"]
[Round "5.2"]
[White "Andersen, Mads"]
[Black "Donskov, Anatoly"]
[Result "1-0"]
[WhiteTitle "FM"]
[WhiteElo "2385"]
[BlackElo "2280"]
[WhiteFideId "1413864"]
[BlackFideId "24143413"]
[EventDate "2010.10.20"]

1. e4 e6 2. d4 d5 3. Nc3 Bb4 4. e5 c5 5. a3 Bxc3+ 6. bxc3 Ne7 7. Qg4 O-O 8. Bd3
Qa5 9. Bd2 Nbc6 10. Nf3 f5 11. exf6 Rxf6 12. Qh5 Nf5 13. g4 c4 14. gxf5 cxd3 15.
Rg1 Bd7 16. Qg5 Rf7 17. f6 Qd8 18. Ne5 Nxe5 19. dxe5 dxc2 20. Be3 Bb5 21. Kd2
Qc7 22. Bd4 Qc4 23. Qe3 Rc8 24. Rac1 Ba4 25. Rg3 Kh8 26. f4 Be8 27. f5 exf5 28.
e6 Rxf6 29. Rxg7 Qxd4+ 30. Qxd4 Kxg7 31. Rg1+ Bg6 32. h4 Rc4 33. Qxd5 Rg4 34.
Rh1 Re4 35. h5 Be8 36. Qxb7+ Kh6 37. Rg1 Rg4 38. Qe7 Rxg1 39. Qxf6+ Bg6 40. Kxc2
Kxh5 41. Kd2 Rg4 42. Ke3 Rh4 43. e7 Re4+ 44. Kf3 a5 45. c4 Rxc4 46. e8=Q Bxe8
47. Qxf5+ Kh4 48. Qf6+ Kh5 49. Qe5+ Kh4 50. Qe7+ 1-0

[Event "WY Boys-U16"]
[Site "Porto Carras GRE"]
[Date "2010.10.24"]
[Round "5.3"]
[White "Krzyzanowski, Marcin"]
[Black "Juhasz, Kristof"]
[Result "1-0"]
[WhiteElo "2356"]
[BlackElo "2268"]
[WhiteFideId "1132199"]
[BlackFideId "738808"]
[EventDate "2010.10.20"]

1. e4 c6 2. d4 d5 3. f3 g6 4. Nc3 Bg7 5. Be3 Qb6 6. Qd2 Qxb2 7. Rb1 Qa3 8. Bd3
Nf6 9. e5 Nfd7 10. h4 Nb6 11. h5 Nc4 12. Bxc4 dxc4 13. Nge2 Nd7 14. Kf2 b6 15.
h6 Bf8 16. d5 Bb7 17. dxc6 Bxc6 18. Nd4 Qc5 19. Ndb5 Qxe5 20. Bd4 1-0

[Event "WY Boys-U16"]
[Site "Porto Carras GRE"]
[Date "2010.10.24"]
[Round "5.5"]
[White "Meribanov, Vitaly"]
[Black "Abasov, Nijat Azad Oglu"]
[Result "0-1"]
[BlackTitle "IM"]
[WhiteElo "2219"]
[BlackElo "2517"]
[WhiteFideId "13504363"]
[BlackFideId "13402960"]
[EventDate "2010.10.20"]

1. e4 c6 2. d4 d5 3. Nc3 dxe4 4. Nxe4 Nf6 5. Nxf6+ exf6 6. Be2 Bd6 7. Bf3 O-O 8.
Ne2 Qc7 9. g3 Re8 10. O-O Bf5 11. Bf4 Nd7 12. Qd2 Re7 13. c4 Rae8 14. Bxd6 Qxd6
15. Rfd1 Nf8 16. Nc3 Ne6 17. d5 Ng5 18. Bg2 Bh3 19. Re1 g6 20. Rxe7 Qxe7 21. f4
Bxg2 22. Kxg2 Ne4 23. Qe3 Qb4 24. Nxe4 Qxb2+ 25. Kf3 Rxe4 26. Qxe4 Qxa1 27. dxc6
bxc6 28. Ke3 Qg1+ 29. Kd3 Qxh2 30. Qf3 c5 31. Qe3 Qh5 32. Kc3 Qf5 33. Qe7 a6 34.
a4 Kg7 35. a5 h5 36. Qd6 Qh3 37. Qxa6 Qxg3+ 38. Kc2 Qg2+ 39. Kb3 h4 0-1

[Event "WY Boys-U16"]
[Site "Porto Carras GRE"]
[Date "2010.10.24"]
[Round "5.6"]
[White "Ochsner, Bjorn Moller"]
[Black "Bok, Benjamin"]
[Result "1-0"]
[BlackTitle "IM"]
[WhiteElo "2195"]
[BlackElo "2453"]
[WhiteFideId "1416928"]
[BlackFideId "1017063"]
[EventDate "2010.10.20"]

1. e4 e5 2. Nf3 Nc6 3. Bb5 a6 4. Ba4 Nf6 5. O-O b5 6. Bb3 Bc5 7. a4 Rb8 8. axb5
axb5 9. c3 d6 10. h3 O-O 11. Re1 Bb6 12. d4 Bb7 13. Na3 exd4 14. cxd4 Na5 15.
Bc2 b4 16. Nb1 Re8 17. Bg5 h6 18. Bh4 g5 19. Nxg5 hxg5 20. Bxg5 Nc6 21. Ba4 Ra8
22. Re3 Rxa4 23. Rxa4 Nxd4 24. Rxb4 Ne6 25. Rxb6 cxb6 26. Bh4 Nf8 27. Qd4 Re5
28. f4 Re6 29. e5 Qc8 30. Bxf6 Qc1+ 31. Kh2 Qxb1 32. Rg3+ Ng6 33. Qxb6 dxe5 34.
Rxg6+ Kh7 35. Rg7+ Kh6 36. Qd8 Qh7 37. Rxh7+ Kxh7 38. f5 Re8 39. Qxe8 1-0

[Event "WY Boys-U16"]
[Site "Porto Carras GRE"]
[Date "2010.10.24"]
[Round "5.7"]
[White "Nasanjargal, Urtnasan"]
[Black "Predke, Alexandr"]
[Result "1/2-1/2"]
[WhiteElo "2230"]
[BlackElo "2436"]
[WhiteFideId "4900774"]
[BlackFideId "24107581"]
[EventDate "2010.10.20"]

1. e4 e5 2. Nf3 Nc6 3. Bb5 a6 4. Ba4 Nf6 5. O-O b5 6. Bb3 Bc5 7. c3 d6 8. d4 Bb6
9. Qd3 Bg4 10. Bg5 h6 11. Bd5 Bd7 12. Bh4 g5 13. Bg3 exd4 14. Bxc6 Bxc6 15. e5
dxe5 16. Bxe5 O-O 17. Nbd2 Ng4 18. Bxd4 Bxf3 19. Nxf3 c5 20. Qe4 cxd4 21. Qxg4
dxc3 22. h4 cxb2 23. Rab1 Qf6 24. hxg5 hxg5 25. Nxg5 Qg7 26. Qf5 Rae8 27. Nh3
Re5 28. Qf4 Re6 29. Qd2 Bd4 30. Rfd1 Bc3 31. Qd3 b4 32. Nf4 Re5 33. Qxa6 Rfe8
34. Nd3 Rh5 35. Qc6 Rf8 36. Nf4 Rh6 37. Qf3 Qh7 38. g3 Qf5 39. Qg2 Rd6 40. Rf1
Rfd8 41. Qf3 Be5 42. Rfe1 Rd4 43. Qe3 Bxf4 44. gxf4 Qxb1 45. Rxb1 Rd1+ 46. Kg2
Rxb1 47. Qg3+ Kf8 48. Qb3 Rd4 49. a3 Rbd1 50. Qxb2 R1d2 51. Qc1 b3 52. Qc5+ Rd6
53. Qc8+ Rd8 54. Qc5+ R8d6 55. Qc8+ Rd8 56. Qc5+ R8d6 57. Qc8+ Rd8 58. Qc5+ R8d6 1/2-1/2

[Event "WY Boys-U16"]
[Site "Porto Carras GRE"]
[Date "2010.10.24"]
[Round "5.8"]
[White "Van Kampen, Robin"]
[Black "Ten Hertog, Hugo"]
[Result "1/2-1/2"]
[WhiteTitle "IM"]
[WhiteElo "2430"]
[BlackElo "2208"]
[WhiteFideId "1020854"]
[BlackFideId "1026356"]
[EventDate "2010.10.20"]

1. e4 c5 2. Nf3 Nc6 3. d4 cxd4 4. Nxd4 e5 5. Nb5 d6 6. N1c3 a6 7. Na3 Be7 8. Nc4
Be6 9. Be3 Nf6 10. Nb6 Rb8 11. Be2 O-O 12. O-O Nd7 13. Nbd5 Bg5 14. Qd2 Bxe3 15.
fxe3 Rc8 16. a4 Qh4 17. Rf2 Bxd5 18. g3 Qd8 19. Nxd5 Ne7 20. Rd1 Nxd5 21. Qxd5
Rc6 22. Rdf1 Nf6 23. Qb3 Qb6 24. Bc4 1/2-1/2

[Event "WY Boys-U16"]
[Site "Porto Carras GRE"]
[Date "2010.10.24"]
[Round "5.10"]
[White "Savitskiy, Sergey"]
[Black "Hasenohr, Benedict"]
[Result "1-0"]
[WhiteElo "2373"]
[BlackElo "2181"]
[WhiteFideId "24105660"]
[BlackFideId "1303309"]
[EventDate "2010.10.20"]

1. e4 e6 2. d4 d5 3. Nc3 Bb4 4. a3 Bxc3+ 5. bxc3 Ne7 6. Bd3 c5 7. exd5 exd5 8.
Nf3 Bf5 9. dxc5 Nbc6 10. O-O O-O 11. Nd4 Bxd3 12. Qxd3 Ne5 13. Qg3 Nc4 14. Bg5
Qd7 15. Rfe1 Rfe8 16. h4 Kh8 17. h5 h6 18. Qf4 Ng8 19. Bh4 Rxe1+ 20. Rxe1 Re8
21. Rxe8 Qxe8 22. Kh2 f6 23. Qf3 Ne7 24. Qe2 Qd7 25. Bg3 Nxa3 26. Bd6 Nc8 27.
Bf4 Nc4 28. Ne6 Ne5 29. Nf8 Qe7 30. Bxe5 Qxf8 31. Bf4 Qe7 32. Qb5 a6 33. Qa4 Qe4
34. Qb4 Ne7 35. Bd6 Qxb4 36. cxb4 Nc6 37. c3 d4 38. cxd4 Nxd4 39. Bf4 Kg8 40.
Be3 Nc6 41. Bd2 Kf7 42. Kg3 Ke6 43. Kf4 Kd5 44. Kf5 Ne7+ 45. Kg4 Ke5 46. Bf4+
Ke6 47. Kf3 Nd5 48. Bd2 f5 49. Kg3 Nf6 50. Kh4 Kd5 51. f3 Kc4 52. g4 fxg4 53.
fxg4 Ne4 54. Bf4 Kxb4 55. Bd6 a5 56. Bf8 Kb3 57. Bxg7 a4 58. Bxh6 a3 59. Bg7 Nc3
60. h6 1-0

[Event "WY Boys-U16"]
[Site "Porto Carras GRE"]
[Date "2010.10.24"]
[Round "5.11"]
[White "Zhou, Yang-Fan"]
[Black "Liu, Chang"]
[Result "1/2-1/2"]
[WhiteTitle "FM"]
[WhiteElo "2320"]
[BlackElo "2162"]
[WhiteFideId "468584"]
[BlackFideId "8606340"]
[EventDate "2010.10.20"]

1. e4 d6 2. d4 Nf6 3. Nc3 g6 4. Be3 Bg7 5. Qd2 c6 6. Nf3 O-O 7. Bd3 Nbd7 8. Bh6
e5 9. dxe5 dxe5 10. h4 Qe7 11. Bxg7 Kxg7 12. O-O-O Nc5 13. Qg5 Bg4 14. h5 h6 15.
Qh4 g5 16. Qg3 Rad8 17. Rd2 Rfe8 18. Nxg5 hxg5 19. f3 Bc8 20. Qxg5+ Kh7 21. Qe3
Nxd3+ 22. cxd3 Nd7 23. g4 f6 24. Rhd1 Nf8 25. Qxa7 Ne6 26. Qe3 Nd4 27. Kb1 Be6
28. Rg1 Rg8 29. Rdg2 b5 30. g5 Rxg5 31. Rxg5 fxg5 32. Rxg5 Rg8 33. Rg6 Rxg6 34.
hxg6+ Kxg6 35. f4 Bf7 36. Qg3+ Kh6 37. fxe5 Qg5 38. Qf2 c5 39. b4 Kg7 40. bxc5
Qxe5 41. Qb2 Qf6 42. Ne2 Nxe2 43. Qxe2 Kf8 44. Qh2 1/2-1/2

[Event "WY Boys-U16"]
[Site "Porto Carras GRE"]
[Date "2010.10.24"]
[Round "5.12"]
[White "Volkov, Nika"]
[Black "Kadric, Denis"]
[Result "1-0"]
[WhiteElo "2159"]
[BlackElo "2291"]
[WhiteFideId "13604376"]
[BlackFideId "14403803"]
[EventDate "2010.10.20"]

1. d4 Nf6 2. c4 g6 3. Nc3 Bg7 4. Nf3 O-O 5. e4 d6 6. Be2 Nbd7 7. O-O e5 8. Be3
Re8 9. d5 Nh5 10. Qd2 Bf8 11. Ne1 Ng7 12. Nd3 f5 13. exf5 Nxf5 14. Ne4 Nf6 15.
f3 Nxe3 16. Qxe3 Be7 17. b4 Bd7 18. Ndf2 Nh5 19. g3 Ng7 20. g4 Rf8 21. c5 Ne8
22. Bc4 b6 23. Nd3 Kh8 24. h3 Nf6 25. Nef2 Ne8 26. Ne4 Nf6 27. Ng3 Ne8 28. f4
exf4 29. Nxf4 Ng7 30. c6 Bc8 31. Rac1 Bf6 32. Ne4 Be5 33. Nxg6+ hxg6 34. Qh6+
Kg8 35. Ng5 Rxf1+ 36. Rxf1 Bf5 37. gxf5 Qf6 38. fxg6 Bf4 39. Rxf4 Qxf4 40. Qh7+
Kf8 41. Qh8+ Ke7 42. Qxg7+ Ke8 43. Qd7+ 1-0

[Event "WY Boys-U16"]
[Site "Porto Carras GRE"]
[Date "2010.10.24"]
[Round "5.13"]
[White "Weichhold, Pawel"]
[Black "Muskardin, Mario"]
[Result "0-1"]
[WhiteElo "2291"]
[BlackElo "2138"]
[WhiteFideId "1139703"]
[BlackFideId "14518180"]
[EventDate "2010.10.20"]

1. e4 c5 2. Nf3 g6 3. d4 cxd4 4. Qxd4 Nf6 5. e5 Nc6 6. Qa4 Nd5 7. Qe4 Nc7 8. Nc3
Bg7 9. Bf4 O-O 10. O-O-O Ne6 11. Bc4 Qa5 12. Rd5 Qc7 13. h4 Nxf4 14. Qxf4 e6 15.
Rc5 b6 16. Nb5 Qd8 17. Rxc6 dxc6 18. Nd6 b5 19. Bd3 f6 20. Qg3 fxe5 21. Ne4 Qd5
22. Nc3 Qd8 23. Ne4 c5 24. Bxb5 Qa5 25. Bc4 Rf4 26. Nfg5 h6 27. Qb3 hxg5 28.
Bxe6+ Kf8 29. Qd5 Qb6 30. Qxa8 Qxe6 31. Nxg5 Qd7 32. Rd1 Rd4 33. Re1 Bh6 34.
Qf3+ Qf5 35. Rxe5 Qxf3 36. gxf3 Rxh4 37. Kd1 Rh1+ 38. Kd2 Rh4 39. Ke3 Bg7 40.
Ne6+ Bxe6 41. Rxe6 Ra4 42. b3 Rxa2 43. Rxg6 Rxc2 44. Ra6 Rc3+ 45. Ke4 Rxb3 46.
Rxa7 c4 47. f4 c3 48. Rc7 Rb2 49. f3 Rd2 50. Kf5 c2 51. Rc8+ Ke7 0-1

[Event "WY Boys-U16"]
[Site "Porto Carras GRE"]
[Date "2010.10.24"]
[Round "5.15"]
[White "Orujov, Shujaat Ismiali oglu"]
[Black "Andreev, Sasho"]
[Result "1/2-1/2"]
[WhiteElo "2098"]
[BlackElo "2254"]
[WhiteFideId "13403613"]
[BlackFideId "2911019"]
[EventDate "2010.10.20"]

1. e4 c5 2. Nf3 e6 3. d4 cxd4 4. Nxd4 Nf6 5. Nc3 d6 6. Be2 Be7 7. Be3 Nc6 8. O-O
O-O 9. f4 e5 10. Nb3 exf4 11. Bxf4 Qb6+ 12. Kh1 Ne5 13. Qd2 Be6 14. Nd4 Rac8 15.
Rab1 Rfe8 16. Bg5 Qd8 17. Rbd1 Nc4 18. Bxc4 Bxc4 19. Rf3 d5 20. Nf5 dxe4 21.
Nxe7+ Qxe7 22. Bxf6 gxf6 23. Rg3+ Kh8 24. Qh6 Rg8 25. Nxe4 Rg6 26. Qh4 Be6 27.
Rxg6 fxg6 28. Nxf6 Rf8 29. Rf1 Bf5 30. g4 Bxg4 31. Qxg4 Rxf6 1/2-1/2

[Event "WY Boys-U16"]
[Site "Porto Carras GRE"]
[Date "2010.10.24"]
[Round "5.16"]
[White "Bukavshin, Ivan"]
[Black "Sakai, Hibiki"]
[Result "1-0"]
[WhiteTitle "FM"]
[WhiteElo "2430"]
[BlackElo "1983"]
[WhiteFideId "4199758"]
[BlackFideId "7000995"]
[EventDate "2010.10.20"]

1. e4 c5 2. Nf3 d6 3. d4 cxd4 4. Nxd4 Nf6 5. Nc3 a6 6. Be3 e5 7. Nb3 Be6 8. Qd2
Be7 9. O-O-O Ng4 10. g3 Nxe3 11. Qxe3 Nd7 12. Kb1 Qc7 13. f4 Nb6 14. f5 Bc4 15.
Bxc4 Nxc4 16. Nd5 Qd8 17. Qe2 b5 18. h4 Rc8 19. Nd2 Nb6 20. Nxb6 Qxb6 21. Nf1
Rc4 22. c3 Qb7 23. Rd5 O-O 24. Qd3 Rfc8 25. Ne3 R4c6 26. a3 Bd8 27. Nc2 Be7 28.
g4 Rc5 29. Ne3 a5 30. g5 b4 31. cxb4 axb4 32. a4 b3 33. Rxc5 dxc5 34. Qc4 Ra8
35. Rd1 Qc6 36. Nd5 Bf8 37. f6 Rxa4 38. Ne7+ Bxe7 39. fxe7 g6 40. Qd5 Ra1+ 41.
Kxa1 Qa4+ 42. Kb1 Qa2+ 43. Kc1 Qa1+ 44. Kd2 Qxb2+ 45. Ke3 1-0

[Event "WY Boys-U16"]
[Site "Porto Carras GRE"]
[Date "2010.10.24"]
[Round "5.17"]
[White "Moussard, Jules"]
[Black "Makhmutov, Rail"]
[Result "1/2-1/2"]
[WhiteTitle "FM"]
[WhiteElo "2423"]
[BlackElo "2156"]
[WhiteFideId "642908"]
[BlackFideId "4122151"]
[EventDate "2010.10.20"]

1. c4 e5 2. g3 Nc6 3. Bg2 g6 4. Nc3 Bg7 5. e3 d6 6. d3 f5 7. Nge2 Nf6 8. Rb1 O-O
9. b4 a6 10. O-O Ne7 11. Qc2 c6 12. a4 Be6 13. Ba3 Qd7 14. b5 axb5 15. cxb5 c5
16. Rfd1 Ned5 17. Qd2 Nb6 18. Qc2 Nfd5 19. Nxd5 Nxd5 20. Bh1 Ra7 21. e4 Nb6 22.
exf5 gxf5 23. Nc3 Qf7 24. Bc1 Rfa8 25. Bd2 Nxa4 26. b6 Nxc3 27. Qxc3 Ra2 28. Qc1
R8a3 29. Be1 Bb3 30. d4 Bxd1 31. dxc5 dxc5 32. Qxd1 e4 33. Qd8+ Bf8 34. Qg5+ Qg6
35. Qc1 Qg7 36. Bg2 Ra1 37. Bf1 Rxb1 38. Qxb1 Kh8 39. Qc1 c4 40. Qxc4 Qf6 41.
Qc1 Ra8 42. h4 Bg7 43. Kh2 Qc6 44. Qf4 Qxb6 45. Qxf5 Qg6 46. Qf4 Rf8 47. Qe3 h6
48. Bg2 Re8 49. Qc5 b6 50. Qb5 e3 51. fxe3 Rxe3 52. Bf2 Re6 53. Qd5 Re8 54. Qb7
Re6 55. Qd5 Qe8 56. Bf3 b5 57. Bc5 Re5 58. Qd6 Qe6 59. Qd8+ Kh7 60. Bg1 Qe8 61.
Qd3+ Kh8 62. Qd6 Qe7 63. Qd3 b4 64. Bf2 Re6 65. Kg2 Rd6 66. Qc2 Qd8 67. Qc4 Rd2
68. Qxb4 Rb2 69. Qe1 Bd4 70. Be2 Qd5+ 71. Kg1 Bxf2+ 72. Qxf2 Kg7 73. Qa7+ Rb7
74. Qe3 1/2-1/2

[Event "WY Boys-U16"]
[Site "Porto Carras GRE"]
[Date "2010.10.24"]
[Round "5.18"]
[White "Wertjanz, David"]
[Black "Bajarani, Ulvi"]
[Result "0-1"]
[BlackTitle "IM"]
[WhiteElo "2209"]
[BlackElo "2408"]
[WhiteFideId "1618989"]
[BlackFideId "13403028"]
[EventDate "2010.10.20"]

1. e4 e6 2. d4 d5 3. Nd2 Nf6 4. e5 Nfd7 5. Bd3 c5 6. c3 Nc6 7. Ne2 cxd4 8. cxd4
f6 9. exf6 Nxf6 10. Nf3 Bd6 11. O-O Qc7 12. g3 O-O 13. Bf4 Bd7 14. Re1 Rae8 15.
Rc1 Qb8 16. Qd2 a6 17. Bxd6 Qxd6 18. Nf4 g6 19. h4 Re7 20. Bb1 Nh5 21. Nxh5 Rxf3
22. Nf4 Rf7 23. Rc3 R7xf4 24. gxf4 Rxf4 25. Rg3 Nxd4 26. Kg2 Bc6 27. h5 Nf3 28.
Rxf3 d4 29. Be4 Rxe4 30. Rxe4 Bxe4 31. hxg6 hxg6 32. Qh6 d3 0-1

[Event "WY Boys-U16"]
[Site "Porto Carras GRE"]
[Date "2010.10.24"]
[Round "6.1"]
[White "Krzyzanowski, Marcin"]
[Black "Dragun, Kamil"]
[Result "1/2-1/2"]
[BlackTitle "FM"]
[WhiteElo "2356"]
[BlackElo "2392"]
[WhiteFideId "1132199"]
[BlackFideId "1134167"]
[EventDate "2010.10.20"]

1. e4 c5 2. Nf3 d6 3. d4 cxd4 4. Nxd4 Nf6 5. Nc3 Nc6 6. Bg5 Qb6 7. Nb3 e6 8. Bd3
Be7 9. Be3 Qc7 10. f4 a6 11. a4 b6 12. O-O Bb7 13. Qe2 O-O 14. Rae1 1/2-1/2

[Event "WY Boys-U16"]
[Site "Porto Carras GRE"]
[Date "2010.10.24"]
[Round "6.2"]
[White "Andersen, Mads"]
[Black "Ben Artzi, Ido"]
[Result "1-0"]
[WhiteTitle "FM"]
[WhiteElo "2385"]
[BlackElo "2183"]
[WhiteFideId "1413864"]
[BlackFideId "2810913"]
[EventDate "2010.10.20"]

1. e4 d6 2. d4 Nf6 3. Nc3 g6 4. f4 Bg7 5. Nf3 O-O 6. Bd3 Nc6 7. e5 dxe5 8. fxe5
Nh5 9. Be3 Bg4 10. Be2 f6 11. exf6 exf6 12. O-O Re8 13. Qd2 Ne7 14. h3 Be6 15.
Bd3 Ng3 16. Rfe1 Ngf5 17. Bf2 Bh6 18. Qd1 Bf7 19. Ne4 Nd5 20. c3 Nfe3 21. Qb1 f5
22. Ng3 c5 23. Nf1 c4 24. Nxe3 Nxe3 25. Bf1 Bd5 26. Bxe3 Bxe3+ 27. Kh1 Qc7 28.
Ne5 Bf4 29. Qd1 b5 30. a4 Qe7 31. Nf3 Qf6 32. axb5 g5 33. Ra6 Qg7 34. Ne5 g4 35.
Rd6 gxh3 36. Rxd5 hxg2+ 37. Bxg2 Qh6+ 38. Kg1 Qh2+ 39. Kf1 Rad8 40. Qf3 Bg3 41.
Rxd8 Rxd8 42. Re2 Qh4 43. Nxc4 Qg5 44. Qe3 f4 45. Qe6+ Kf8 1-0

[Event "WY Boys-U16"]
[Site "Porto Carras GRE"]
[Date "2010.10.24"]
[Round "6.3"]
[White "Abasov, Nijat Azad Oglu"]
[Black "Savitskiy, Sergey"]
[Result "0-1"]
[WhiteTitle "IM"]
[WhiteElo "2517"]
[BlackElo "2373"]
[WhiteFideId "13402960"]
[BlackFideId "24105660"]
[EventDate "2010.10.20"]

1. e4 c5 2. c4 Nc6 3. Nc3 g6 4. g3 Bg7 5. Bg2 Nf6 6. Nge2 O-O 7. d3 d6 8. O-O
Ne8 9. Be3 Nc7 10. Qd2 Ne5 11. f3 Rb8 12. b3 Ne6 13. d4 cxd4 14. Nxd4 Nxd4 15.
Bxd4 Nc6 16. Bxg7 Kxg7 17. Rad1 Qa5 18. Qb2 f6 19. Kh1 Be6 20. f4 a6 21. a3 Rfc8
22. Nd5 Qd8 23. Rfe1 Qf8 24. Nb6 Rd8 25. Rd2 Bg8 26. e5 dxe5 27. Nd7 Rxd7 28.
Rxd7 Be6 29. Bxc6 bxc6 30. Ra7 Bxc4 31. fxe5 Bd5+ 32. Kg1 f5 33. Qd4 Kg8 34. Qh4
Re8 35. Rxa6 h6 36. Rf1 Qg7 37. Qd4 Rf8 38. b4 g5 39. b5 f4 40. bxc6 e6 41. Qd3
Qxe5 42. Qg6+ Kh8 43. Qxh6+ Kg8 44. Qg6+ Kh8 45. Qh6+ Kg8 46. Qg6+ Kh8 47. Qc2
Qe3+ 48. Qf2 Qe4 49. Qf3 Qxf3 50. Rxf3 Bxf3 51. c7 Rc8 52. Rxe6 Rxc7 53. gxf4
gxf4 54. a4 Bd5 55. Re5 Rc1+ 56. Kf2 Rc2+ 57. Kg1 Bc6 58. Rf5 f3 59. h4 Be4 60.
Rf4 Rg2+ 61. Kf1 Bd3+ 62. Ke1 Re2+ 63. Kd1 f2 0-1

[Event "WY Boys-U16"]
[Site "Porto Carras GRE"]
[Date "2010.10.24"]
[Round "6.4"]
[White "Lagarde, Maxime"]
[Black "Gabuzyan, Hovhannes"]
[Result "1-0"]
[WhiteTitle "FM"]
[WhiteElo "2433"]
[BlackElo "2261"]
[WhiteFideId "662399"]
[BlackFideId "13303732"]
[EventDate "2010.10.20"]

1. c4 g6 2. Nc3 Bg7 3. g3 c5 4. Bg2 Nc6 5. a3 d6 6. d3 Nf6 7. e3 h5 8. h3 e5 9.
Nge2 Be6 10. Nd5 Qd7 11. Nec3 O-O 12. Rb1 Nh7 13. b4 f5 14. Qa4 e4 15. dxe4 fxe4
16. bxc5 Ng5 17. Nxe4 Nxe4 18. Bxe4 Bf5 19. Qc2 Nd4 20. Qd3 Nf3+ 21. Ke2 Ne5 22.
Bxf5 Rxf5 23. Qe4 Nc6 24. f4 Re8 25. Qd3 Qf7 26. Bb2 Bxb2 27. Rxb2 dxc5 28. Rhb1
b6 29. g4 Rf6 30. Nxf6+ Qxf6 31. g5 Qf7 32. Qd5 Qxd5 33. cxd5 Ne7 34. d6 Nf5 35.
d7 Rd8 36. Rd1 Kf7 37. Rbd2 Ke6 38. Rd5 c4 39. e4 Ne7 40. Re5+ Kf7 41. Rd6 1-0

[Event "WY Boys-U16"]
[Site "Porto Carras GRE"]
[Date "2010.10.24"]
[Round "6.5"]
[White "Muskardin, Mario"]
[Black "Ochsner, Bjorn Moller"]
[Result "0-1"]
[WhiteElo "2138"]
[BlackElo "2195"]
[WhiteFideId "14518180"]
[BlackFideId "1416928"]
[EventDate "2010.10.20"]

1. e4 c5 2. Nf3 d6 3. d4 cxd4 4. Nxd4 Nf6 5. Nc3 a6 6. Be2 e5 7. Nb3 Be7 8. O-O
O-O 9. Be3 Be6 10. f4 exf4 11. Bxf4 Nc6 12. Kh1 d5 13. e5 Nd7 14. Nxd5 Ndxe5 15.
c4 Rc8 16. Qd2 Re8 17. Rfd1 Ng6 18. Be3 Nce5 19. Na5 Qd7 20. Qc3 Bxd5 21. Rxd5
Qc7 22. c5 Nd7 23. Rc1 Bxc5 24. Bg4 Bxe3 25. Qxc7 Rxc7 26. Rxc7 Nf6 27. Rd1 Nxg4
28. Rb1 Bb6 29. Rxb7 Bxa5 30. b4 Bd8 31. h3 Nf2+ 32. Kg1 Nd3 33. a4 Nge5 34. Rd1
Kf8 35. a5 Be7 36. b5 axb5 37. Rxb5 Ra8 38. Rdb1 Nc6 39. Ra1 Ndb4 40. Ra4 Bd8
41. Raxb4 Nxb4 42. Rxb4 Bxa5 43. Rb7 h5 44. Kf2 Bd8 45. Rb2 Bf6 46. Rc2 Rb8 47.
Rc4 g6 48. Kf3 Kg7 49. Ra4 Be5 50. Ra6 Kh6 51. Ra7 f6 52. Ra4 Kg5 53. Rc4 Rb3+
54. Kf2 f5 55. Ra4 Bg3+ 0-1

[Event "WY Boys-U16"]
[Site "Porto Carras GRE"]
[Date "2010.10.24"]
[Round "6.7"]
[White "Andreev, Sasho"]
[Black "Predke, Alexandr"]
[Result "0-1"]
[WhiteElo "2254"]
[BlackElo "2436"]
[WhiteFideId "2911019"]
[BlackFideId "24107581"]
[EventDate "2010.10.20"]

1. d4 Nf6 2. c4 e6 3. Nf3 d5 4. g3 dxc4 5. Bg2 Nc6 6. O-O Rb8 7. Nc3 Bb4 8. Bg5
O-O 9. e3 h6 10. Bxf6 Qxf6 11. Nd2 Na5 12. Qa4 Qe7 13. Qc2 b6 14. Rfc1 c5 15.
dxc5 Bxc5 16. Nce4 Ba6 17. Nxc5 Qxc5 18. Qc3 Qe7 19. Bf1 Rbc8 20. Qa3 Qxa3 21.
bxa3 Rfd8 22. Ne4 Kf8 23. Rab1 Ke7 24. Be2 f5 25. Nc3 Nb7 26. Kf1 Rc5 27. a4 Nd6
28. f3 Rd7 29. Rd1 Rcc7 30. Rd4 Nb7 31. Rbd1 Rxd4 32. Rxd4 Nd6 33. g4 Rc5 34.
Ke1 Bb7 35. gxf5 exf5 36. Kd2 Bc6 37. e4 fxe4 38. fxe4 a6 39. e5 Rxe5 40. Bxc4
Nxc4+ 41. Rxc4 Kd6 42. h4 g5 43. Kd3 Bf3 44. hxg5 hxg5 45. Rb4 Kc6 0-1

[Event "WY Boys-U16"]
[Site "Porto Carras GRE"]
[Date "2010.10.24"]
[Round "6.8"]
[White "Topak, Engin"]
[Black "Van Kampen, Robin"]
[Result "0-1"]
[BlackTitle "IM"]
[WhiteElo "2214"]
[BlackElo "2430"]
[WhiteFideId "6300324"]
[BlackFideId "1020854"]
[EventDate "2010.10.20"]

1. Nf3 Nf6 2. g3 d5 3. Bg2 c6 4. O-O Bg4 5. d4 Nbd7 6. Nbd2 e6 7. c4 Be7 8. b3
O-O 9. Bb2 a5 10. h3 Bh5 11. g4 Bg6 12. Ne5 Nxe5 13. dxe5 Nd7 14. e4 dxe4 15.
Nxe4 Nc5 16. Qe2 Qd3 17. Qxd3 Nxd3 18. Bc3 Nf4 19. Rfe1 Rfd8 20. Bf1 Nd3 21. Re2
Bxe4 22. Rxe4 Bc5 23. Re2 Bb4 24. Bxb4 axb4 25. Rd1 Nc5 26. Red2 Rxd2 27. Rxd2
g5 28. f3 Kf8 29. Kf2 Ke7 30. Ke3 Nd7 31. f4 Ra5 32. Re2 Nf8 33. fxg5 Rxe5+ 34.
Kd4 Rxg5 35. Re5 Rxe5 36. Kxe5 Nd7+ 37. Kf4 h6 38. Bd3 f6 39. Bc2 Ne5 40. Ke4
Kd6 41. Bd1 Kc5 42. Bc2 Nf7 43. Ke3 Kd6 44. Kf4 Ng5 45. h4 Nf7 46. Bd1 Kc5 47.
Ke4 Nd6+ 48. Ke3 b5 49. cxb5 Nxb5 50. Be2 Nc3 51. Bc4 Kd6 52. Kf4 Nxa2 53. g5
hxg5+ 54. hxg5 fxg5+ 55. Kxg5 Ke5 56. Kg6 Nc3 57. Kf7 Nd5 58. Be2 Kd4 0-1